| 000 | 00817nas a2200217 a 4500 | ||
|---|---|---|---|
| 003 | AM-YeHGA | ||
| 040 | _aAM-YeHGA | ||
| 650 | 0 | 4 | _aԱմսագիր |
| 942 |
_2udc _cCR |
||
| 090 | _c172600 | ||
| 001 | 000468783 | ||
| 005 | 20250617133808.0 | ||
| 008 | 051219s1945 |||||| |||||||||||||arm|c | ||
| 041 | 0 | _aarm | |
| 245 | 0 | 0 |
_aԱրածանի / _cԽմբ.՝ Շաւարշ Միսաքեան. |
| 260 |
_aՓարիզ : _bտպ. Արաքս, _c1945. |
||
| 300 | _aհամար. | ||
| 505 | 1 | 0 |
_gԳ. 1 (1945, ) : _iԱնդաստան գրականության և պատմության պարբերագիրք. _gԳ. 2 (1945, 256 էջ) : _iԱնդաստան ազգային եւ միջազգային մշակոյթի |
| 650 | 1 | 4 |
_aԳրականություն _xՊատմություն |
| 700 | 1 |
_aՄիսաքեան, Շաւարշ _eխմբ. _4edt |
|
| 999 |
_c171162 _d171162 |
||